La Ciencia económica y el desarrollo social /
Guardado en:
| Hovedforfatter: | |
|---|---|
| Format: | Texto |
| Tags: |
Tilføj Tag
Ingen Tags, Vær først til at tagge denne postø!
|
MARC
| LEADER | 00000 a a2200000 04500 | ||
|---|---|---|---|
| 001 | 3131 | ||
| 003 | |||
| 040 | |||
| 100 | |a Fedoséev, Piotr | ||
| 245 | |a La Ciencia económica y el desarrollo social / |c Piotr Fedoséev | ||
| 773 | |g número 1; páginas 43-64 | ||
| 999 | |c 27396 |d 27396 | ||
